000 01300ngm a22003850a 4500
001 PT21908
003 AR-LpoUNG
005 20210201232248.0
007 co ||u|||uuuuu
008 191001s2005||||ag |||||||||||||||||spa d
020 _a9875492698
_c$30
040 _aAR-LpoUNG
_bspa
_cAR-LpoUNG
_eaacr
041 _aspa
044 _aag
082 0 _a982.064 533v3
245 1 0 _a24 de marzo de 1976 :
_bel golpe y el terrorismo de Estado
250 _a1ª edición
260 _aBuenos Aires :
_bMemoria Abierta,
_c2005.
520 _aContiene testimonios, fuentes y textos referidos al período de la reapertura democrática tras la última dictadura militar y a las distintas acciones impulsadas, desde entonces, por el movimiento de DDHH y el Estado en la búsqueda de la verdad y la justicia.
650 4 _aANALISIS HISTORICO
650 4 _aARGENTINA
650 4 _aASPECTOS POLITICOS
650 4 _aAUTORITARISMO
650 4 _aCONCIENTIZACION
650 4 _aDICTADURA
650 4 _aFUERZAS ARMADAS
650 4 _aHISTORIA SOCIAL
650 4 _aIDEOLOGIAS POLITICAS
653 _aMAES
653 _aREPRESION
710 2 _aAsociación Civil Memoria Abierta (Buenos Aires)
710 2 _aBuenos Aires (ciudad). Secretaria de Educación
905 _a21908
942 _cCDDVD
999 _c53164
_d53164